[Event "Top 16 Groupe A"]
[Site "Chartres, France"]
[Date "2024.06.04"]
[Round "6.25"]
[White "Amin, Bassem"]
[Black "Parligras, Mircea-Emilian"]
[Result "1-0"]
[WhiteElo "2682"]
[BlackElo "2560"]
[PlyCount "71"]
[EventDate "2024.??.??"]

1. Nf3 {74} d5 {8} 2. g3 {7} Nd7 {5} 3. d4 {234} Nb6 {7} 4. Nc3 {9} Bf5 {33} 5.
Nh4 {10} Bg4 {9} 6. h3 {73} Bh5 {40} 7. g4 {103} e6 {116} 8. Ng2 {70} Bg6 {9}
9. Nf4 {6} Nf6 {648} 10. Bg2 {278} c5 {1078} 11. e3 {504} cxd4 {542} 12. Nxg6 {
28} hxg6 {20} 13. exd4 {30} Bb4 {351} 14. Qd3 {20} O-O {25} 15. O-O {41} Qc7 {
207} 16. Ne2 {120} Rac8 {522} 17. c3 {18} Bd6 {4} 18. b3 {781} Nbd7 {285} 19.
f4 {396} Qc6 {99} 20. g5 {336} Ne8 {550} 21. h4 {573} Be7 {17} 22. Bd2 {707}
Nd6 {6} 23. Ng3 {23} b5 {114} 24. Qe2 {254} Rfe8 {164} 25. h5 {601} gxh5 {28}
26. g6 {26} h4 {411} 27. f5 {39} Bf6 {331} 28. fxe6 {174} Rxe6 {45} 29. Qh5 {69
} hxg3 {294} 30. Bxd5 {63} Qb6 {15} 31. Bxe6 {42} fxe6 {2} 32. Qh7+ {199} Kf8 {
2} 33. Bg5 {15} Nf5 {130} 34. Rxf5 {171} exf5 {58} 35. Re1 {159} Bxd4+ {129}
36. Kg2 {30} 1-0

[Event "Top 16 Groupe A"]
[Site "Chartres, France"]
[Date "2024.06.04"]
[Round "6.27"]
[White "Van Foreest, Jorden"]
[Black "Karthik Venkataraman"]
[Result "1/2-1/2"]
[WhiteElo "2664"]
[BlackElo "2605"]
[PlyCount "89"]
[EventDate "2024.??.??"]

1. d4 {5} Nf6 {36} 2. c4 {8} e6 {11} 3. Nf3 {11} d5 {18} 4. g3 {16} Bb4+ {69}
5. Bd2 {10} Be7 {43} 6. Bg2 {9} c6 {22} 7. Qc2 {114} a5 {137} 8. O-O {74} O-O {
306} 9. Rc1 Nbd7 {36} 10. a3 {7} h6 {154} 11. e3 {5} Ne4 {343} 12. Nc3 {229}
Nxd2 {325} 13. Nxd2 {34} f5 {12} 14. Rab1 {403} Nf6 {721} 15. b4 {51} Bd7 {428}
16. c5 {277} axb4 {96} 17. axb4 {22} Ne4 {90} 18. Nf3 {124} Nxc3 {456} 19. Qxc3
{6} Bf6 {2} 20. Bf1 {212} Qe8 {593} 21. Ra1 {354} Qh5 {132} 22. Be2 {65} Rfc8 {
267} 23. Ra3 {1038} Qe8 {52} 24. Rca1 {74} Rxa3 {130} 25. Qxa3 {37} e5 {59} 26.
dxe5 {27} Bxe5 {2} 27. Nxe5 {10} Qxe5 {3} 28. Bd3 {79} Re8 {143} 29. Qc1 {22}
Kf8 {101} 30. Ra7 {349} d4 {443} 31. Rxb7 {71} Bc8 {24} 32. Ra7 {92} dxe3 {12}
33. fxe3 {23} Be6 {99} 34. Be2 {687} Bd5 {522} 35. Kf2 {8} Qe4 {119} 36. Qc3 {
13} Qg2+ {12} 37. Ke1 {3} Bf7 {13} 38. Bc4 {912} Qh1+ {64} 39. Kd2 {17} Rd8+ {
48} 40. Kc2 {17} Qe4+ {41} 41. Bd3 {45} Qg2+ {7} 42. Qd2 {201} Qd5 {308} 43.
Qc3 {9} Qg2+ {7} 44. Qd2 {3} Qd5 {7} 45. Qc3 {6} 1/2-1/2

[Event "Top 16 Groupe A"]
[Site "Chartres, France"]
[Date "2024.06.04"]
[Round "6.28"]
[White "Loiseau, Quentin"]
[Black "Hamdouchi, Hicham"]
[Result "1/2-1/2"]
[WhiteElo "2411"]
[BlackElo "2527"]
[PlyCount "29"]
[EventDate "2024.??.??"]

1. Nf3 {3} d5 {108} 2. d4 {72} Nf6 {15} 3. c4 {11} dxc4 {75} 4. e3 {34} e6 {76}
5. Bxc4 {17} a6 {47} 6. O-O {30} Be7 {23} 7. Qe2 {141} b5 {76} 8. Bd3 {37} Nbd7
{13} 9. a4 {504} Bb7 {56} 10. e4 {215} b4 {1337} 11. Nbd2 {129} c5 {53} 12. e5
{59} Nd5 {26} 13. Ne4 {516} cxd4 {151} 14. Bd2 {1592} Qb8 {884} 15. Ng3 {281}
1/2-1/2

[Event "Top 16 Groupe A"]
[Site "Chartres, France"]
[Date "2024.06.04"]
[Round "6.29"]
[White "Van Wely, Loek"]
[Black "Wirig, Anthony"]
[Result "1/2-1/2"]
[WhiteElo "2607"]
[BlackElo "2453"]
[PlyCount "81"]
[EventDate "2024.??.??"]

1. d4 {23} Nf6 {22} 2. c4 {9} e6 {10} 3. Nf3 {32} Bb4+ {78} 4. Nbd2 {95} b6 {
155} 5. a3 {262} Bxd2+ {21} 6. Qxd2 {6} Bb7 {11} 7. e3 {7} O-O {153} 8. Be2 {54
} d5 {118} 9. b3 {74} c5 {124} 10. Bb2 {287} Ne4 {393} 11. Qc2 {620} cxd4 {100}
12. Nxd4 {173} Nd7 {325} 13. O-O {264} Rc8 {923} 14. f3 {1105} Nd6 {675} 15.
Rfd1 {325} Qg5 {518} 16. f4 {271} Qh6 {306} 17. a4 {250} dxc4 {466} 18. bxc4 {
102} Nc5 {382} 19. a5 {352} Be4 {185} 20. Qc3 {115} Qg6 {118} 21. g4 {427} e5 {
304} 22. fxe5 {118} Nf5 {34} 23. Rf1 {366} Nh4 {151} 24. Qe1 {111} Qg5 {50} 25.
Qg3 {20} Bd3 {287} 26. axb6 {179} axb6 {22} 27. Bxd3 {293} Nxd3 {4} 28. Ba3 {11
} Rfe8 {44} 29. Nf5 {47} Nxf5 {178} 30. Rxf5 {3} Qg6 {8} 31. e4 {171} Nc5 {52}
32. Bxc5 {45} Rxc5 {26} 33. Ra7 {40} Rf8 {92} 34. Rd7 {155} Qc6 35. Qd3 {20}
Rxc4 {11} 36. Rd8 {79} Rc1+ {35} 37. Kg2 {43} Rc2+ {32} 38. Kf1 {29} Rc1+ {18}
39. Kg2 {26} Rc2+ {50} 40. Kf1 {29} Rc1+ {36} 41. Kg2 1/2-1/2

[Event "Top 16 Groupe A"]
[Site "Chartres, France"]
[Date "2024.06.04"]
[Round "6.30"]
[White "Sochacki, Christophe"]
[Black "Delorme, Axel"]
[Result "1-0"]
[WhiteElo "2449"]
[BlackElo "2487"]
[PlyCount "134"]
[EventDate "2024.??.??"]

1. d4 {8} d5 {8} 2. c4 {6} e6 {4} 3. Nc3 {4} Nf6 {5} 4. cxd5 {4} exd5 {4} 5.
Bg5 {6} c6 {141} 6. e3 {9} h6 {7} 7. Bh4 {8} Be6 {8} 8. Bd3 {489} Nbd7 {86} 9.
Nf3 {959} g5 {74} 10. Bg3 {35} Nh5 {17} 11. Be5 {3} Nhf6 {5} 12. Bg3 {6} Nh5 {6
} 13. Qc2 {11} Nxg3 {482} 14. hxg3 {2} Bg7 {21} 15. O-O-O {165} Qe7 {244} 16.
Kb1 {109} O-O-O {345} 17. Rc1 {155} Kb8 {154} 18. Na4 {8} Rc8 {321} 19. Qd2 {
936} Rc7 {498} 20. Rc2 {467} Rhc8 {600} 21. b4 {109} b6 {93} 22. Rhc1 {655} Qd6
{64} 23. Rb2 {563} Ka8 {120} 24. Ba6 {420} Bf5+ {122} 25. Ka1 {6} Rb8 {114} 26.
Bd3 {79} Be6 {60} 27. Nc3 {100} b5 {1358} 28. a4 {5} a6 {311} 29. Ra2 {263} Ra7
{223} 30. axb5 {17} cxb5 {157} 31. e4 {126} g4 {164} 32. exd5 {31} Bxd5 {56}
33. Nxd5 {4} Qxd5 {51} 34. Qf4 {33} Re8 {252} 35. Qxg4 {3} Bf6 {4} 36. Rc8+ {63
} Rxc8 {12} 37. Be4 Qxe4 {66} 38. Qxe4+ {1} Kb8 {6} 39. Qf4+ {32} Rac7 {27} 40.
Nd2 {233} Bg5 {185} 41. Qd6 {6} Bxd2 {33} 42. Rxd2 {23} Ka7 {104} 43. Re2 {19}
Rc1+ {141} 44. Ka2 {24} Nb6 {245} 45. d5 {136} R8c7 {544} 46. Qe5 {126} Rd7 {
578} 47. Rd2 {706} Nc4 {31} 48. Qe8 {42} Nb6 {220} 49. d6 {120} Rc8 {84} 50.
Qe3 {4} Rcd8 {90} 51. g4 {70} Kb7 {19} 52. Qxh6 {91} Nc4 {21} 53. Rd1 {11} Rxd6
{12} 54. Rxd6 {5} Rxd6 {7} 55. Qf4 {19} f6 {32} 56. Qf5 {199} Kb6 {166} 57.
Qc5+ {103} Kb7 {9} 58. Kb3 {57} Nd2+ {40} 59. Kb2 {8} Nc4+ {29} 60. Kc3 {37}
Rc6 {28} 61. Qe7+ {10} Kb6 {20} 62. Qd8+ {144} Kb7 {6} 63. f4 {15} Ne3+ {86}
64. Kb3 {44} Nxg2 {21} 65. Qd7+ {60} Kb6 {11} 66. g5 {9} Nxf4 {37} 67. gxf6 {
135} Ng2 1-0

[Event "Top 16 Groupe A"]
[Site "Chartres, France"]
[Date "2024.06.04"]
[Round "6.31"]
[White "Tregubov, Pavel V"]
[Black "Demuth, Adrien"]
[Result "1/2-1/2"]
[WhiteElo "2562"]
[BlackElo "2506"]
[PlyCount "57"]
[EventDate "2024.??.??"]

1. d4 {2} Nf6 {10} 2. c4 {11} e6 {18} 3. Nf3 {6} d5 {143} 4. Nc3 {9} Be7 {39}
5. Bg5 {128} O-O {18} 6. e3 {5} h6 {15} 7. Bh4 {7} b6 {25} 8. Bxf6 {102} Bxf6 {
5} 9. cxd5 {6} exd5 {3} 10. Rc1 {100} Bb7 {379} 11. b4 {120} c5 {410} 12. bxc5
{301} bxc5 {14} 13. Qb3 {1097} Bc6 {910} 14. Bb5 {193} cxd4 {397} 15. exd4 {585
} Re8+ {402} 16. Be2 {959} Nd7 {128} 17. O-O {79} Qa5 {355} 18. Bd3 {351} Rab8
{383} 19. Qc2 {10} Nf8 {385} 20. Qd2 {586} Ne6 {294} 21. Rfd1 {799} Bxd4 {833}
22. Nxd4 {349} Nxd4 {4} 23. Bf1 {12} Ne6 {356} 24. Nxd5 {9} Qxd2 {65} 25. Rxd2
{5} Bb5 {123} 26. g3 {109} Bxf1 {30} 27. Kxf1 {7} Kf8 {40} 28. Nc7 {69} Re7 {
148} 29. Nxe6+ {106} 1/2-1/2

[Event "Top 16 Groupe A"]
[Site "CHARTRES, France"]
[Date "2024.06.05"]
[Round "7.1"]
[White "Karthik Venkataraman"]
[Black "Erigaisi Arjun"]
[Result "0-1"]
[WhiteElo "2605"]
[BlackElo "2761"]
[PlyCount "88"]
[EventDate "2024.??.??"]

1. e4 {1} e5 {185} 2. Nf3 {21} Nc6 {19} 3. Bb5 {7} f5 {6} 4. Nc3 {86} fxe4 {10}
5. Nxe4 {4} d5 {211} 6. Ng3 {13} Bg4 {391} 7. h3 {35} Bxf3 {7} 8. Qxf3 {4} Qd6
{231} 9. c4 {341} O-O-O {216} 10. Nf5 {2013} Qc5 {82} 11. Bxc6 {11} Qxc6 {14}
12. Ne3 {344} Nf6 {98} 13. cxd5 {83} Nxd5 {134} 14. O-O {433} Bc5 {42} 15. Nc4
{297} Rhf8 {481} 16. Qg4+ {41} Kb8 {13} 17. d3 {162} Bd4 {810} 18. Bg5 {129}
Rde8 {100} 19. Qe4 Nb4 {105} 20. Qxc6 {221} Nxc6 {6} 21. Be3 {98} Nb4 {319} 22.
Rfd1 {407} b5 {14} 23. Na5 {60} Nc2 24. Nc6+ {1038} Kb7 {30} 25. Nxd4 {18} exd4
{97} 26. Rac1 {4} Nxe3 {8} 27. fxe3 {5} Rxe3 {39} 28. Rd2 {91} c6 {283} 29. a4
{34} a6 {47} 30. axb5 {79} axb5 {6} 31. b4 {19} h5 {62} 32. Kh2 {66} g5 {141}
33. Rdc2 {63} Rf6 {8} 34. Rd1 {58} g4 {105} 35. h4 {6} Rfe6 {180} 36. Rc5 {29}
R6e5 {13} 37. Rdc1 {29} Rxc5 {40} 38. Rxc5 {2} Rxd3 {9} 39. Rxh5 {3} Rc3 {347}
40. Rh7+ {72} Kc8 {8} 41. h5 {114} d3 {192} 42. h6 {60} g3+ {39} 43. Kh3 {5}
Rc1 {5} 44. Rh8+ {218} Kd7 {92} 0-1

[Event "Top 16 Groupe A"]
[Site "CHARTRES, France"]
[Date "2024.06.05"]
[Round "7.3"]
[White "Parligras, Mircea-Emilian"]
[Black "Bailet, Pierre"]
[Result "1/2-1/2"]
[WhiteElo "2560"]
[BlackElo "2491"]
[PlyCount "152"]
[EventDate "2024.??.??"]

1. d4 {2} d5 {13} 2. c4 {7} c6 {10} 3. Nf3 {16} Nf6 {13} 4. e3 {11} Bf5 {12} 5.
Nc3 {14} e6 {13} 6. Nh4 {5} Bg6 {9} 7. Nxg6 {29} hxg6 {8} 8. Bd2 {12} Nbd7 {32}
9. Qc2 {36} a6 {622} 10. Be2 {211} dxc4 {411} 11. Bxc4 {9} Be7 {315} 12. Be2 {
373} c5 {345} 13. dxc5 {313} Nxc5 {70} 14. O-O {380} Rc8 {960} 15. Rfd1 {214}
b5 {526} 16. Rac1 {277} Qb6 {74} 17. Be1 {714} O-O {125} 18. Bf3 {792} Rfd8 {
123} 19. Ne2 {139} e5 {1047} 20. Nc3 {571} Qe6 {64} 21. a3 {313} e4 {314} 22.
Be2 {16} Rxd1 {232} 23. Rxd1 {72} Na4 {10} 24. Qb1 {41} Nxc3 {299} 25. Bxc3 {6}
Qb3 {14} 26. Rc1 {339} Nd5 {57} 27. Bd4 {11} Rxc1+ {72} 28. Qxc1 {6} Bf6 {66}
29. Bd1 {795} Qa2 {105} 30. Bxf6 {121} gxf6 {77} 31. Qc5 {85} f5 {79} 32. g3 {
12} Nf6 {88} 33. Qd4 {80} Qe6 {48} 34. a4 {89} bxa4 {16} 35. Qxa4 {19} Qd6 {144
} 36. Bb3 {72} Kg7 {21} 37. Qc4 {33} Qd7 {60} 38. Qxa6 {34} Qd2 {34} 39. Qb7 {
67} Qxb2 {26} 40. Qxf7+ {7} Kh6 {2} 41. h3 {242} Nh7 {72} 42. Kg2 {146} Qg7 {
144} 43. Qe8 {132} Qf6 {298} 44. Bd1 {389} Qd6 {92} 45. Be2 {20} Qd2 {88} 46.
Bc4 {39} Qd1 {244} 47. Qe5 {44} Qf3+ {60} 48. Kg1 {5} Qd1+ {9} 49. Bf1 {34} Qd8
{63} 50. Kg2 {60} Qf6 {19} 51. Qf4+ {30} Qg5 {30} 52. Qc7 {248} Qf6 {8} 53. Bc4
{31} Qc3 {238} 54. Qc5 {56} Ng5 {70} 55. Qf8+ {29} Qg7 {20} 56. Qd8 {388} Nf3 {
35} 57. Be2 {42} Ng5 {446} 58. Qb8 {47} Qf6 {29} 59. Qf4 {138} Kg7 {5} 60. Qc7+
{62} Qf7 {18} 61. Qc5 {42} Qf8 {26} 62. Qxf8+ {155} Kxf8 {2} 63. h4 {24} Nf7 {
283} 64. g4 {34} Ke7 {84} 65. g5 {34} Ne5 {11} 66. Kf1 {15} Kd6 {60} 67. Ke1 {5
} Nc6 {20} 68. Kd2 {35} Ke5 {10} 69. h5 {120} gxh5 {6} 70. Bxh5 {4} Ne7 {53}
71. Bf7 {13} f4 {40} 72. g6 {77} fxe3+ {30} 73. Kxe3 {16} Nf5+ {11} 74. Kd2 {9}
Kf6 {21} 75. Kc3 {17} e3 {49} 76. fxe3 {45} Ke5 {6} 1/2-1/2

[Event "Top 16 Groupe A"]
[Site "CHARTRES, France"]
[Date "2024.06.05"]
[Round "7.4"]
[White "Ganguly, Surya Shekhar"]
[Black "Wirig, Anthony"]
[Result "1-0"]
[WhiteElo "2575"]
[BlackElo "2453"]
[PlyCount "55"]
[EventDate "2024.??.??"]

1. e4 {7} c5 {39} 2. Nf3 {12} e6 {24} 3. d4 {14} cxd4 {7} 4. Qxd4 {7} Nc6 {160}
5. Qe3 {7} Nf6 {440} 6. Nc3 {19} Bb4 {49} 7. a3 {42} Bxc3+ {1273} 8. Qxc3 {80}
h6 {4} 9. e5 {719} Ne4 {369} 10. Qd3 {186} Qa5+ {918} 11. c3 {203} Ng5 {180}
12. Bxg5 {427} hxg5 {42} 13. Qe4 {49} g4 {363} 14. Qxg4 {84} Nxe5 {22} 15. Qxg7
{39} Nxf3+ {7} 16. gxf3 {4} Qh5 {24} 17. Qd4 {150} Qh4 {498} 18. f4 {69} Rh5 {
84} 19. Rg1 {95} Rd5 {300} 20. Rg8+ {890} Ke7 {3} 21. Qg7 {23} Kd6 {516} 22.
Bg2 {355} Rf5 {276} 23. Be4 {66} Rxf4 {181} 24. Rd1+ {272} Ke7 {122} 25. Qf8+ {
5} Kf6 {4} 26. Rg6+ {6} Ke5 {4} 27. Qc5+ {5} Kxe4 {177} 28. Rd4+ {5} 1-0

[Event "Top 16 Groupe A"]
[Site "CHARTRES, France"]
[Date "2024.06.05"]
[Round "7.10"]
[White "Van Foreest, Jorden"]
[Black "Albornoz Cabrera, Carlos Daniel"]
[Result "1-0"]
[WhiteElo "2664"]
[BlackElo "2610"]
[PlyCount "53"]
[EventDate "2024.??.??"]

1. d4 {3} d5 {6} 2. c4 {9} e6 {4} 3. Nf3 {39} Nf6 {5} 4. g3 {23} dxc4 {5} 5.
Bg2 {36} Nbd7 {10} 6. O-O {13} c6 {31} 7. a4 {4} b6 {15} 8. Nc3 {3} Nd5 {43} 9.
e4 {178} Nb4 {5} 10. d5 {441} Bc5 {2604} 11. Qe2 {183} e5 {211} 12. dxc6 {150}
Nxc6 {5} 13. Qxc4 {17} h6 {302} 14. a5 {274} Nxa5 {799} 15. Qa4 {134} O-O {6}
16. b4 {59} Bd4 {18} 17. Nxd4 {122} exd4 {4} 18. Nd5 {132} Nb7 {22} 19. Bf4 {
214} a5 {286} 20. Bc7 {211} Qe8 {5} 21. Qd1 {66} Nd8 {80} 22. Bd6 {50} Ne6 {5}
23. e5 {52} Ba6 {118} 24. Re1 {43} Ra7 {26} 25. Ne7+ {67} Kh8 {5} 26. Nc6 {3}
Ra8 {40} 27. Nxd4 {51} 1-0

[Event "Top 16 Groupe A"]
[Site "CHARTRES, France"]
[Date "2024.06.05"]
[Round "7.11"]
[White "Laurent-Paoli, Pierre"]
[Black "Van Wely, Loek"]
[Result "0-1"]
[WhiteElo "2576"]
[BlackElo "2607"]
[PlyCount "54"]
[EventDate "2024.??.??"]

1. d4 {49} d5 {45} 2. c4 {19} c6 {6} 3. Nf3 {12} Nf6 {6} 4. Nc3 {6} e6 {4} 5.
Bg5 {31} h6 {7} 6. Bh4 {9} dxc4 {7} 7. e4 {12} g5 {5} 8. Bg3 {4} b5 {5} 9. Be2
{4} Bb7 {30} 10. O-O {11} Nbd7 {56} 11. Ne5 {23} h5 {480} 12. Nxd7 {8} Qxd7 {7}
13. Qc1 {6} Rg8 {238} 14. Qe3 {13} Bb4 {956} 15. Rad1 {1191} Ng4 {1210} 16.
Bxg4 {143} hxg4 {14} 17. d5 {1468} cxd5 {296} 18. exd5 {219} Bxc3 {34} 19. dxe6
{929} Qc6 {26} 20. f3 {592} Bb4 {38} 21. exf7+ {142} Kxf7 {10} 22. Be5 {714}
Kg6 {802} 23. h4 {159} gxh3 {66} 24. Qe2 {118} Rae8 {302} 25. Kh2 {195} Qf6 {
396} 26. f4 {37} hxg2 {102} 27. f5+ {30} Kh6 {26} 0-1

[Event "Top 16 Groupe A"]
[Site "CHARTRES, France"]
[Date "2024.06.05"]
[Round "7.12"]
[White "Amin, Bassem"]
[Black "Santos Latasa, Jaime"]
[Result "0-1"]
[WhiteElo "2682"]
[BlackElo "2626"]
[PlyCount "74"]
[EventDate "2024.??.??"]

1. Nf3 {26} Nf6 {46} 2. g3 {13} c5 {6} 3. Bg2 {10} Nc6 {6} 4. O-O {98} e5 {68}
5. d3 {30} d5 {8} 6. e4 {6} d4 {11} 7. a4 {6} Bd6 {46} 8. Na3 {7} O-O {27} 9.
Ne1 {30} a6 {497} 10. Nc4 {40} Bc7 {6} 11. f4 {16} Bg4 {108} 12. Nf3 {355} exf4
{279} 13. Bxf4 {36} Nd7 {58} 14. Qb1 {839} Rb8 {508} 15. a5 {184} Bxf3 {94} 16.
Rxf3 {41} Nde5 {80} 17. Bxe5 {23} Nxe5 {43} 18. Nxe5 {7} Bxe5 {4} 19. Qa2 {13}
Qe7 {66} 20. Raf1 {55} g6 {30} 21. Qd5 {179} Rbe8 {110} 22. g4 {438} Rd8 {416}
23. Qa2 {1133} Rd7 {223} 24. Qa1 {218} c4 {370} 25. Kh1 {270} Rc7 {102} 26. Qa2
{396} cxd3 {656} 27. cxd3 {7} Kg7 {64} 28. R3f2 {160} Qh4 {228} 29. Bf3 {38}
Rc1 {97} 30. b4 {14} Rxf1+ {28} 31. Rxf1 {1} Rc8 {68} 32. Bd1 {959} f6 {102}
33. Bb3 {60} Qh3 {124} 34. Qg2 {240} Qxd3 {23} 35. Ba4 {12} Qe3 {125} 36. g5 {
245} fxg5 {138} 37. Qf3 {43} Bf4 {86} 0-1

[Event "Top 16 Groupe A"]
[Site "CHARTRES, France"]
[Date "2024.06.05"]
[Round "7.13"]
[White "Girel, Joseph"]
[Black "Tregubov, Pavel V"]
[Result "1/2-1/2"]
[WhiteElo "2474"]
[BlackElo "2562"]
[PlyCount "103"]
[EventDate "2024.??.??"]

1. e4 {39} e5 {35} 2. Nf3 {23} Nc6 {9} 3. Bb5 {35} a6 {8} 4. Ba4 {12} Nf6 {8}
5. O-O {29} Be7 {20} 6. d3 {81} b5 {26} 7. Bb3 {6} O-O {38} 8. c3 {25} d6 {140}
9. a4 b4 10. a5 Be6 {1289} 11. Bxe6 fxe6 12. Qa4 {1712} Qd7 13. cxb4 d5 {108}
14. Bg5 {622} Rfd8 {575} 15. exd5 {865} Nxd5 {443} 16. Bxe7 {36} Ndxe7 {25} 17.
Nc3 {274} Rab8 {85} 18. b5 {341} axb5 {10} 19. Nxb5 {139} Nxa5 {55} 20. Nxc7 {
399} Qxc7 {852} 21. Qxa5 {44} Qxa5 {5} 22. Rxa5 {8} Nc6 {505} 23. Rc5 {204} Nb4
{41} 24. Rxe5 {731} Nxd3 {137} 25. Rxe6 {7} Nxb2 {19} 26. h4 {69} h6 {131} 27.
g3 {104} Rd1 {93} 28. Rxd1 {177} Nxd1 {6} 29. Rd6 {7} Nc3 {19} 30. Kg2 {334}
Ne4 {63} 31. Rd4 {72} Nf6 {48} 32. Ne5 {60} Re8 {45} 33. Nd3 {45} Kf7 {34} 34.
Ra4 {28} Re7 {70} 35. Ra5 {11} g6 {395} 36. Ne5+ {143} Kg7 {11} 37. g4 {49} h5
{123} 38. g5 {138} Nd7 {12} 39. Nd3 {135} Nf8 {36} 40. Kg3 {133} Ne6 {62} 41.
Rd5 {184} Kh7 {135} 42. Re5 {328} Rd7 {12} 43. Nb4 {44} Nd4 {317} 44. Nd5 {68}
Kg7 {16} 45. Ne3 {268} Rf7 {37} 46. Re4 {149} Ne2+ {183} 47. Kg2 {15} Nf4+ {6}
48. Kf1 {49} Nd3 {43} 49. f3 {75} Nc5 {86} 50. Rc4 {26} Nd3 {65} 51. Rd4 {113}
Ne5 {24} 52. f4 {231} 1/2-1/2

[Event "Top 16 Groupe A"]
[Site "CHARTRES, France"]
[Date "2024.06.05"]
[Round "7.14"]
[White "Hamdouchi, Hicham"]
[Black "Flom, Gabriel"]
[Result "1-0"]
[WhiteElo "2527"]
[BlackElo "2425"]
[PlyCount "81"]
[EventDate "2024.??.??"]

1. e4 {3} d6 {6} 2. d4 {71} Nf6 {6} 3. Nc3 {6} e5 {6} 4. Nf3 {92} Nbd7 {14} 5.
Bc4 {23} Be7 {4} 6. O-O {17} O-O {14} 7. a4 {23} c6 {10} 8. Re1 {7} h6 {5} 9.
h3 {26} Re8 {5} 10. a5 {192} Qc7 {60} 11. Ba2 {74} Rb8 {77} 12. Be3 {321} b5 {
239} 13. axb6 {13} axb6 {35} 14. d5 {33} b5 {617} 15. dxc6 {480} Qxc6 {3} 16.
Nd5 {278} Nc5 {1112} 17. Nxf6+ {1441} Bxf6 {9} 18. b4 {10} Na4 {281} 19. Ba7 {
235} Rb7 {114} 20. Bd5 {45} Qc7 {3} 21. Bxb7 {145} Bxb7 {3} 22. Qd3 {487} Qc6 {
27} 23. c4 {198} Nb2 {77} 24. cxb5 {89} Nxd3 {2} 25. bxc6 {9} Bxc6 {3} 26. Ra6
{459} Nxe1 {248} 27. Rxc6 {7} Nxf3+ {356} 28. gxf3 {7} Ra8 {387} 29. Rc7 {19}
Kf8 {27} 30. b5 {140} Bd8 {3} 31. Rb7 {30} Ke8 {174} 32. Kg2 {393} Rc8 {85} 33.
b6 {775} h5 {998} 34. Kg3 {66} h4+ {93} 35. Kg4 {149} g6 {10} 36. f4 {20} Rc4 {
215} 37. Rb8 {56} f5+ {24} 38. Kf3 {9} fxe4+ {146} 39. Kg4 {45} e3 {365} 40.
fxe3 {32} exf4 {3} 41. exf4 {51} 1-0

[Event "Top 16 Groupe A"]
[Site "Chartres, France"]
[Date "2024.06.05"]
[Round "7.17"]
[White "Travadon, Loic"]
[Black "Alonso Rosell, Alvar"]
[Result "1/2-1/2"]
[WhiteElo "2445"]
[BlackElo "2556"]
[PlyCount "27"]
[EventDate "2024.??.??"]

1. e4 {2} c6 {1974} 2. Nf3 {7} d5 {4} 3. d3 {5} Qc7 {3} 4. Nbd2 {6} Bg4 {284}
5. h3 {78} Bh5 {37} 6. g4 {100} Bg6 {27} 7. h4 {72} h5 {243} 8. g5 {6} Nd7 {529
} 9. Qe2 {40} e6 {48} 10. b3 {171} Ne7 {27} 11. Bh3 {64} dxe4 {830} 12. dxe4 {6
} c5 {19} 13. Bb2 {75} Nc6 {6} 14. Bf5 {306} 1/2-1/2

[Event "Top 16 Groupe A"]
[Site "Chartres, France"]
[Date "2024.06.05"]
[Round "7.26"]
[White "Esipenko, Andrey"]
[Black "Ter-Sahakyan, Samvel"]
[Result "1/2-1/2"]
[WhiteElo "2703"]
[BlackElo "2650"]
[PlyCount "95"]
[EventDate "2024.??.??"]

1. e4 {21} e5 {18} 2. Nf3 {18} Nc6 {6} 3. Bb5 {20} a6 {7} 4. Ba4 {6} Nge7 {16}
5. O-O {273} Ng6 {48} 6. d4 {13} exd4 {335} 7. Nxd4 {8} Nxd4 {154} 8. Qxd4 {7}
b5 {108} 9. Bb3 {6} Bb7 {23} 10. Rd1 {111} Qe7 {297} 11. Qd3 {700} Bxe4 {1416}
12. Qg3 {293} Bc6 {218} 13. Qxc7 {808} Qe4 {257} 14. Qg3 {56} Bb4 {808} 15. a3
{1074} Qe2 {403} 16. Qe3+ {359} Qxe3 {12} 17. Bxe3 {4} Ba5 {115} 18. Nd2 {158}
Ne5 {605} 19. Bc5 {420} O-O-O {270} 20. a4 {106} Bxd2 {253} 21. Rxd2 {42} Nc4 {
6} 22. Bxc4 {637} bxc4 {2} 23. Bd6 {131} Rhe8 {130} 24. f3 {6} Re6 {256} 25.
Rd4 {190} Rde8 {23} 26. Kf1 {11} Kb7 {126} 27. h4 {85} h6 {56} 28. Bg3 {86} d5
{27} 29. b3 {6} cxb3 {118} 30. cxb3 {6} Re3 {50} 31. Rb4+ {143} Ka8 {5} 32. Rc1
{98} Rc8 {86} 33. Kf2 {27} d4 {111} 34. Rcc4 {85} Rc3 {55} 35. Rxd4 {68} a5 {11
} 36. Rbc4 {8} Rxb3 {43} 37. Rc5 {30} Kb7 {23} 38. Rxa5 {13} Rb2+ {43} 39. Kf1
{193} Rb1+ {16} 40. Be1 {67} Re8 {44} 41. Rb4+ {2} Rxb4 {6} 42. Bxb4 {6} g6 {
330} 43. Bc5 {299} Ra8 {33} 44. Rxa8 {7} Kxa8 {2} 45. a5 {4} h5 {298} 46. Kf2 {
22} f5 {116} 47. a6 {326} Bb5 {39} 48. a7 {6} 1/2-1/2

[Event "Top 16 Groupe A"]
[Site "Chartres, France"]
[Date "2024.06.05"]
[Round "7.27"]
[White "Pichot, Alan"]
[Black "Martirosyan, Haik M"]
[Result "1/2-1/2"]
[WhiteElo "2635"]
[BlackElo "2678"]
[PlyCount "55"]
[EventDate "2024.??.??"]

1. e4 {56} e5 {12} 2. Nf3 {8} Nc6 {7} 3. Bb5 {16} Nf6 {8} 4. d3 {14} Bc5 {9} 5.
Ba4 {54} O-O {112} 6. O-O {56} d6 {51} 7. c3 {35} a5 {364} 8. h3 {152} Ba7 {73}
9. Re1 {43} Ne7 {64} 10. d4 {256} Ng6 {36} 11. Bc2 {687} Re8 {1113} 12. Be3 {
220} exd4 {305} 13. Bxd4 {28} c5 {630} 14. Bxf6 {702} Qxf6 {10} 15. Nbd2 {9}
Nf4 {89} 16. Nf1 {277} c4 {182} 17. Ne3 {961} Bxe3 {287} 18. fxe3 {103} Nd3 {
109} 19. Bxd3 {571} cxd3 {49} 20. Nd2 {108} Qg6 {251} 21. Kh2 {179} Bd7 {756}
22. Qb1 {41} d5 {79} 23. Qxd3 {120} Rad8 {103} 24. Qe2 {242} dxe4 {26} 25. Nb3
{34} a4 {123} 26. Nd4 {97} Qd6+ {91} 27. Kh1 {206} f5 {171} 28. Rf1 {65}
1/2-1/2